| Tag |
First Indicator |
Second Indicator |
Subfields |
| LEADER |
00000cam a22000001i 4500 |
| 001 |
in00003941613 |
| 006 |
m d f |
| 007 |
cr bn mmmapmmp |
| 008 |
420727s1942 dcu o f000 0 eng d |
| 005 |
20250210234937.3 |
| 035 |
|
|
|a ebd1940002897
|
| 040 |
|
|
|a UMI
|c UMI
|e rda
|d UtOrBLW
|
| 086 |
0 |
|
|a L 5.20:277
|
| 099 |
|
|
|a L5.20..277
|
| 110 |
1 |
|
|a United States.
|b Children's Bureau.
|0 http://id.loc.gov/authorities/names/n80044745
|
| 245 |
1 |
0 |
|a Occupational hazards to young workers, report no. 5 :
|b Wood-working machines.
|
| 264 |
|
1 |
|a [Washington] :
|b [publisher not identified],
|c 1942.
|
| 300 |
|
|
|a 1 online resource (59 pages), digital, PDF file
|
| 336 |
|
|
|a text
|b txt
|2 rdacontent
|
| 337 |
|
|
|a computer
|b c
|2 rdamedia
|
| 338 |
|
|
|a online resource
|b cr
|2 rdacarrier
|
| 500 |
|
|
|a Includes tables.
|
| 533 |
|
|
|a Electronic reproduction.
|b [Bethesda, Md.] :
|c ProQuest,
|d 2016
|e digital, PDF file.
|n ProQuest U.S. Executive Branch Documents
|n Mode of access: World Wide Web via ProQuest website.
|
| 588 |
|
|
|a Record is based on online resource; title from PDF title page (ProQuest, last viewed Oct. 2016). Reuse except for individual research requires license from ProQuest, LLC.
|
| 650 |
|
0 |
|a Youth
|x Employment.
|0 http://id.loc.gov/authorities/subjects/sh85149324
|
| 650 |
|
0 |
|a Factories.
|0 http://id.loc.gov/authorities/subjects/sh85046823
|
| 650 |
|
0 |
|a Furniture.
|0 http://id.loc.gov/authorities/subjects/sh85052522
|
| 650 |
|
0 |
|a Population
|v Statistics.
|0 http://id.loc.gov/authorities/subjects/sh85104913
|
| 856 |
4 |
0 |
|u http://proxy.library.tamu.edu/login?url=http://congressional.proquest.com/congressional/docview/t66.d71.l5.20..277?
|y Electronic resource (PDF)
|t 0
|
| 999 |
f |
f |
|s 39f3c6ac-eb8d-3ac9-a240-7f0d10196f95
|i 1a8d62f3-a903-31f1-a070-e7145330cc5c
|t 0
|
| 952 |
f |
f |
|a Texas A&M University
|b College Station
|c Electronic Resources
|d Available Online
|t 0
|h No information provided
|
| 998 |
f |
f |
|t 0
|l Available Online
|